Phineas and Ferb Season 3 Songs - Statistics

General Stats
  • This quiz has been taken 7 times
  • The average score is 38 of 92
Answer Stats
Picture Hint Answer % Correct
Lotsa Latkes Frenemies
100%
A Phineas and Ferb Family Christmas Let it Snow, Let it Snow, Let it Snow
100%
Meatloaf Surprise Meatloaf
100%
Every episode Phineas and Ferb Theme Song
100%
Run, Candace, Run Run, Candace, Run
100%
Skiddley Whiffers Skiddley Whiffers
100%
Magic Carpet Ride Aerial Area Rug
80%
Candace Disconnected Dance Baby
80%
Bullseye! Evil Tonight
80%
Ferb Latin Ferb Latin
80%
My Fair Goalie Football X7
80%
Misperceived Monotreme Funhouse
80%
Road Trip Home on the Road
80%
What a Croc! Horse in a Bookcase
80%
Quietest Day Ever I'm Handsome
80%
Buford Confidential Runnin' from Love (In a Bear Suit)
80%
The Great Indoors Set the Record Straight
80%
Minor Monogram S'Fall
80%
Cranius Maximus Big Brain
60%
Phineas and Ferb Interrupted Blueprints
60%
Monster from the Id Deep Into Your Mind
60%
Phineas and Ferb and the Temple of Juatchadoon Don't Look Down
60%
When Worlds Collide Double Dutch Song
60%
The Doonkelberry Imperative Drusselstein Driving Test Waltz
60%
Where's Perry? Evil for Extra Credit
60%
Last Train to Bustville Give Up
60%
Sleepwalk Surprise Jetpack Volleyball
60%
Where's Perry? (Part Two) Livin' with Monkeys
60%
Moon Farm Moon Farm
60%
Sci-FI Pie Fly Non-Reaction Song
60%
My Fair Goalie Nostrils on the Bus
60%
The Remains of the Platypus Perry's Hat
60%
Mom's in the House Perry Tronic
60%
A Real Boy Real Boy
60%
Ferb TV That's the Norm
60%
Doof Dynasty The Way of the Platypus
60%
Tour de Ferb Tour de Ferb
60%
The Mom Attractor We Are the Moms
60%
Escape from Phineas Tower Breakin' Out
40%
Tour de Ferb Bust is in the Bag
40%
The Remains of the Platypus Cheesetopia
40%
Canderemy Do the Moan
40%
Bully Bromance Breakup Free
40%
Road to Danville Heck of a Day
40%
Canderemy Just the Two of Us
40%
Phineas and Ferb Interrupted Snacks
40%
Ask a Foolish Question Super Computer
40%
Tri-State Treasure: Boot of Secrets Swap Meet
40%
The Curse of Candace Vampire Song
40%
A Phineas and Ferb Family Christmas We Wish You A Merry Christmas
40%
When Worlds Collide Whalemingo
40%
Blackout! What is This Thing?
40%
Sipping with the Enemy Won't Keep Us Apart
40%
Gi-Ants Ants
20%
What'd I Miss? Be a Squirrel
20%
Bully Bromance Breakup Big Honkin' Hole in My Heart
20%
Bad Hair Day Dart Song
20%
A Phineas and Ferb Family Christmas Good King Wenceslas
20%
A Real Boy Gumshine
20%
Agent Doof Here's Why It is Great to Be a Baby
20%
Delivery of Destiny He's Driving Safe
20%
Delivery of Destiny He's Not Sure
20%
Where's Perry? Highly Unconventional Vehicle
20%
Let's Bounce Lies
20%
Delivery of Destiny Paul's Revelation Operetta
20%
Phineas and Ferb and the Temple of Juatchadoon Perry in a Fez
20%
Delivery of Destiny Sci Fi Speculative
20%
The Belly of the Beast Shark of Danville Harbor
20%
What a Croc! Subterranean Crocodile Apprehension Expedition
20%
Norm Unleashed Weaponry
20%
Meapless in Seattle Wee Wee Wee
20%
That's the Spirit Were-Cow
20%
Delivery of Destiny We Wanna Eat
20%
Doofapus When Platypi Fight
20%
Phineas' Birthday Clip-O-Rama! Also Sprach Zarathustra (Candace version)
0%
Phineas' Birthday Clip-O-Rama! Also Sprach Zarathustra (Irving version)
0%
The Mom Attractor Awesome
0%
Excaliferb Epic Monster Battle
0%
Tri-State Treasure: Boot of Secrets He's Major Monogram
0%
Delivery of Destiny He's on His Way
0%
Sleepwalk Surprise "I'm Unconsciously Creating Truly Evil Inators
0%
My Fair Goalie Lady Song
0%
The Doonkelberry Imperative Looking for Books
0%
Excaliferb Mid Summer Harvest
0%
Sci-Fi Pie Fly Monogram Rap This Old Man
0%
My Fair Goalie Not as Much
0%
Where's Perry? On the Savannah
0%
Skiddley Whiffers Poison Sumac
0%
Excaliferb Questing Song
0%
Misperceived Monotreme Shangri-La
0%
Road Trip The Truckers Saved Christmas
0%
Tri-Stone Area Zubada
0%
No matching quizzes found
Score Distribution
Percent of People with Each Score
Percentile by Number Answered
Your Score History
You have not taken this quiz